Statistiques concernant Pokémon - Liste des Poké Balls

Cliquez ici pour prendre le quiz!

Statistiques générales

  • Ce quiz a été pris 330 fois
  • Le résultat moyen est 17 sur 28

Statistiques - réponses

NuméroNoms% Correct
001Poké Ball
100%
002Super Ball
100%
003Hyper Ball
98%
004Master Ball
95%
016Filet Ball
83%
023Sombre Ball
77%
015Honor Ball
76%
024Rapide Ball
76%
020Chrono Ball
73%
010Love Ball
71%
018Scuba Ball
70%
019Luxe Ball
64%
005Safari Ball
63%
022Soin Ball
61%
009Masse Ball
60%
028Ultra Ball
58%
017Bis Ball
52%
012Lune Ball
52%
021Faiblo Ball
50%
011Copain Ball
48%
006Speed Ball
42%
007Appât Ball
39%
026Mémoire Ball
36%
014GS Ball
32%
008Niveau Ball
30%
027Rêve Ball
29%
025Parc Ball
20%
013Compét Ball
15%

Distribution des résultats

Percentile par nombre de réponses

% des personnes avec chaque résultat

Votre développement - résultats

Vous n’avez pas pris ce quiz